000 00759nam a22002651 4500
001 16010
003 BD-RjUL
005 20211208235931.0
008 140211s1955 nyu 001 0 eng
035 _a(BD-RjUL)16065
035 _a(OCoLC)565890
040 _aDLC
_cODaWU
_dUk
_dDLC
_dBD-RjUL
_beng
041 _aeng
082 _a660
_bKIT 1955
100 1 _aKilleffer, David H.
_q(David Herbert),
_d1895-
_949587
245 1 0 _aTwo ears of corn, two blades of grass /
_cDavid H. Killeffer
260 _aNew York :
_bVan Nostrand,
_cc1955.
300 _ax, 139 p. :
_bill. ;
_c23 cm.
505 _aIncludes index.
650 0 _aChemistry, Technical.
_949588
650 0 _aChemurgy.
_949589
942 _2ddc
_cBK
999 _c16010
_d16010